Cuidadoras de personas dependientes en España : (Record no. 215488)
[ view plain ]
| 000 -CABECERA | |
|---|---|
| campo de control de longitud fija | 01976nab a2200277 ab4500 |
| 005 - FECHA Y HORA DE LA ÚLTIMA TRANSACCIÓN | |
| campo de control | 20260702122249.0 |
| 008 - ELEMENTOS DE LONGITUD FIJA--INFORMACIÓN GENERAL | |
| campo de control de longitud fija | 260604b2025 sp tr poo| 0 0 spa d |
| 003 - IDENTIFICADOR DEL NÚMERO DE CONTROL | |
| campo de control | |
| 040 ## - FUENTE DE LA CATALOGACIÓN | |
| Centro catalogador/agencia de origen | MX-MxUPN |
| Lengua de catalogación | spa |
| Centro/agencia transcriptor | MX-MxUPN |
| Normas de descripción | aacr2 |
| 100 1# - ASIENTO PRINCIPAL--NOMBRE PERSONAL | |
| Nombre de persona | Bellido Venegas, Eva María |
| 9 (RLIN) | 60189 |
| 100 1# - ASIENTO PRINCIPAL--NOMBRE PERSONAL | |
| Nombre de persona | Martínez Quintana, María Violante |
| 9 (RLIN) | 60150 |
| 245 11 - MENCIÓN DE TÍTULO | |
| Título | Cuidadoras de personas dependientes en España : |
| Resto del título | desigualdades, invisibilidad social y consecuencias físicas y mentales |
| Medio | [recurso electrónico en línea] |
| 506 0# - NOTA DE RESTRICCIONES AL ACCESO | |
| Limitaciones de acceso | Acceso abierto |
| 520 3# - NOTA DE RESUMEN, ETC. | |
| Sumario, etc. | Las condiciones laborales y sociales del colectivo de cuidadores/as formales e informales es una temática que históricamente no ha sido suficientemente atendida en la investigación social. De ahí nuestro objeto de estudio: examinar, analizar y reflexionar sobre las desigualdades sociales, su invisibilidad y las consecuencias físicas y psíquicas que padecen las mujeres cuidadoras. Se aplica una metodología cualitativa, basada en entrevistas semiestructuradas realizadas a cuidadoras formales e informales y a expertos del sector. En el estudio subyace una brecha de divergencias sociales en el colectivo de cuidadoras y una segregación territorial de los cuidados en España que presiona la necesidad de dar visibilidad y atender desde la administración los problemas sociales existentes en el mercado de los cuidados, que llegan a repercutir en las diferentes esferas del estado de bienestar. |
| Fuente proveedora | REIS |
| 650 #2 - ASIENTO SECUNDARIO DE MATERIA - TERMINO TEMATICO | |
| Término de materia o nombre geográfico como elemento de entrada | Envejecimiento |
| 9 (RLIN) | 14602 |
| 650 #4 - ASIENTO SECUNDARIO DE MATERIA - TERMINO TEMATICO | |
| Término de materia o nombre geográfico como elemento de entrada | Cuidadores |
| 9 (RLIN) | 25362 |
| 653 ## - TERMINO DE INDIZACION - NO CONTROLADO | |
| Término no controlado | Cuidadoras formales |
| 653 ## - TERMINO DE INDIZACION - NO CONTROLADO | |
| Término no controlado | Cuidadoras informales |
| 653 ## - TERMINO DE INDIZACION - NO CONTROLADO | |
| Término no controlado | Desigualdales |
| 650 ## - ASIENTO SECUNDARIO DE MATERIA - TERMINO TEMATICO | |
| Término de materia o nombre geográfico como elemento de entrada | Consecuencias físicas/mentales |
| 773 ## - ENLACE AL DOCUMENTO FUENTE/ENTRADA DE REGISTRO ANFITRIÓN | |
| Parte(s) relacionada(s) | No. 193 (2025), p. 3-20 |
| Título | REIS: revista española de investigaciones sociológicas |
| Número Internacional Normalizado para Publicaciones Seriadas | 1988-5903 |
| 856 4# - LOCALIZACIÓN Y ACCESO ELECTRÓNICOS | |
| Identificador Uniforme del Recurso | <a href="https://reis.cis.es/index.php/reis/article/view/2479">https://reis.cis.es/index.php/reis/article/view/2479</a> |
| 856 4# - LOCALIZACIÓN Y ACCESO ELECTRÓNICOS | |
| Identificador Uniforme del Recurso | <a href="https://reis.cis.es/index.php/reis/article/view/2479/3041">https://reis.cis.es/index.php/reis/article/view/2479/3041</a> |
| 902 ## - ELEMENTOS DE DATOS B LOCAL, LDB (RLIN) | |
| Creó | Leonor Sotres/020726 |
| 942 ## - ELEMENTOS DE PUNTO DE ACCESO ADICIONAL (KOHA) | |
| Tipo de ítem Koha | Artículo Electrónico |
| Estado de retiro | Estado de pérdida | Estado dañado | No para préstamo | Código de colección | Localización permanente | Ubicación/localización actual | Ubicación en estantería | Fecha de adquisición | Total de préstamos | Fecha visto por última vez | Identificador Uniforme del Recurso | Precio válido a partir de | Tipo de ítem Koha |
|---|---|---|---|---|---|---|---|---|---|---|---|---|---|
| Acceso abierto | Bib. Gregorio Torres Quintero | Bib. Gregorio Torres Quintero | En línea | 02/07/2026 | 02/07/2026 | https://reis.cis.es/index.php/reis/article/view/2479/3041 | 02/07/2026 | Artículo Electrónico |
